000 00930cam a22003257a 4500
001 000300
003 armpunfd
005 20250312082104.0
008 011019e1986####xx#a##########000#0#und#d
022 _a950-572-043-2
040 _aarmpunfd
_carmpunfd
080 _a347.7 F 734
100 1 0 _a Fontanarrosa, Rodolfo O.
245 1 0 _aDerecho Comercial Argentino
260 _a Buenos Aires
_b Zavalia
_c1989
300 _a2 v.
500 _av. 2. doctrina general de los contratos comerciales
650 7 _a Derecho Comercial
_x Argentina
_2LEMB
942 _cLB
_2cdu
945 _aCatalis
_d2010-08-19
945 _aCatalis
_d2010-08-19
945 _aCatalis
_d2010-08-19
945 _aCatalis
_d2010-08-19
945 _aCatalis
_d2010-08-19
945 _aCatalis
_d2010-08-19
945 _aCatalis
_d2010-08-19
945 _aCatalis
_d2010-08-19
945 _aCatalis
_d2010-08-19
945 _aCatalis
_d2010-08-19
999 _c298
_d230802